LEADER 04570 am 22007573u 450 001 996309066203316 005 20200831091749.0 010 $a1-5015-0487-8 010 $a1-5015-0491-6 024 7 $a10.1515/9781501504914 035 $a(CKB)4100000005043677 035 $a(DE-B1597)470421 035 $a(OCoLC)1041993377 035 $a(DE-B1597)9781501504914 035 $aEBL5525620 035 $a(AU-PeEL)EBL5525620 035 $a(EXLCZ)994100000005043677 100 $a20190723d2018 fg 101 0 $aeng 135 $auru|||||||||| 181 $ctxt$2rdacontent 182 $cc$2rdamedia 183 $acr$2rdacarrier 200 04$aDie babylonisch-assyrische Medizin in Texten und Untersuchungen$h9$iAssyrian and Babylonian Scholarly Text Catalogues ; Medicine, Magic and Divination /$fUlrike Steinert 210 1$aBerlin ;$aBoston :$cDe Gruyter,$d[2018] 210 4$d©2018 215 $a1 online resource (vi,384 pages, plates) $cillustrations 225 0 $aDie babylonisch-assyrische Medizin in Texten und Untersuchungen ;$v9 300 $aDescription based upon print version of record. 311 $a1-5015-1363-X 320 $aIncludes bibliographical references and index 327 $tFrontmatter --$tTable of Contents --$tAcknowledgements --$tAbbreviations --$tIntroduction /$rSteinert, Ulrike --$tPart 1. Studies on Mesopotamian Text Catalogues --$tOn Three Tablet Inventories /$rFinkel, Irving L. --$tA Babylonian Hippocrates /$rGeller, Markham J. --$tTowards a New Perspective on Babylonian Medicine /$rJohnson, J. Cale --$tNotes on the Assur Medical Catalogue with Comparison to the Nineveh Medical Encyclopaedia /$rPanayotov, Strahil V. --$tThe Catalogues of En?ma Anu Enlil /$rRochberg, Francesca --$tEsagil-k?n-apli's Catalogue of Sakikkû and Alamdimmû /$rSchmidtchen, Eric --$tCatalogues, Texts and Specialists /$rSteinert, Ulrike --$tPart 2. Text Sources --$t1. The Assur Medical Catalogue (AMC) /$rSteinert, Ulrike --$t2. The Exorcist's Manual (KAR 44) /$rGeller, M. J. --$t3 The Edition of Esagil-k?n-apli's Catalogue of the Series Sakikkû (SA.GIG) and Alamdimmû /$rSchmidtchen, E. --$tPlates --$tList of Illustrations --$tIndices 330 $aThe reconstruction of ancient Mesopotamian medical, ritual and omen compendia and their complex history is still characterised by many difficulties, debates and gaps due to fragmentary or unpublished evidence. This book offers the first complete edition of the Assur Medical Catalogue, an 8th or 7th century BCE list of therapeutic texts, which forms a core witness for the serialisation of medical compendia in the 1st millennium BCE. The volume presents detailed analyses of this and several other related catalogues of omen series and rituals, constituting the corpora of divination and healing disciplines. The contributions discuss links between catalogues and textual sources, providing new insights into the development of compendia between serialization, standardization and diversity of local traditions. Though its a novel corpus-based approach, this volume revolutionizes the current understanding of Mesopotamian medical texts and the healing disciplines of "conjurer" and "physician". The research presented here allows one to identify core text corpora for these disciplines, as well as areas of exchange and borrowings between them. 410 4$aDie babylonisch-assyrische Medizin in Texten und Untersuchungen ;$vBand 9. 606 $aMagie 606 $aMedicine 606 $aMedizin 606 $aMesopotamian scholarship 606 $aMesopotamische Forschung 606 $aProphezeiung 606 $adivination 606 $amagic 606 $3(DE-601)104584963$3(DE-588)4038243-6$aMedizin$2gnd 606 $aHISTORY / Middle East / General$2bisacsh 610 $aMedicine. 610 $aMesopotamian scholarship. 610 $adivination. 610 $amagic. 615 4$aMagie. 615 4$aMedicine. 615 4$aMedizin. 615 4$aMesopotamian scholarship. 615 4$aMesopotamische Forschung. 615 4$aProphezeiung. 615 4$adivination. 615 4$amagic. 615 7$aMedizin 615 7$aHISTORY / Middle East / General. 702 $aSteinert$b Ulrike 712 02$aEuropean Research Council (ERC)$4fnd$4http://id.loc.gov/vocabulary/relators/fnd 801 0$bDE-B1597 801 1$bDE-B1597 906 $aBOOK 912 $a996309066203316 996 $aDie babylonisch-assyrische Medizin in Texten und Untersuchungen$92256079 997 $aUNISA LEADER 01739oam 2200445M 450 001 9910716455003321 005 20200213071026.8 035 $a(CKB)5470000002521595 035 $a(OCoLC)1065743066 035 $a(OCoLC)995470000002521595 035 $a(EXLCZ)995470000002521595 100 $a20071213d1927 ua 0 101 0 $aeng 135 $aurcn||||||||| 181 $ctxt$2rdacontent 182 $cc$2rdamedia 183 $acr$2rdacarrier 200 10$aConstruction of certain public works by the Secretary of the Navy. February 23, 1927. -- Referred to the House Calendar and ordered to be printed 210 1$a[Washington, D.C.] :$c[U.S. Government Printing Office],$d1927. 215 $a1 online resource (1 pages) 225 1 $aHouse report / 69th Congress, 2nd session. House ;$vno. 2211 225 1 $a[United States congressional serial set] ;$v[serial no. 8690] 300 $aBatch processed record: Metadata reviewed, not verified. Some fields updated by batch processes. 300 $aFDLP item number not assigned. 606 $aConstruction, Military 606 $aConstruction industry$xMilitary aspects 606 $aPublic works 608 $aLegislative materials.$2lcgft 615 0$aConstruction, Military. 615 0$aConstruction industry$xMilitary aspects. 615 0$aPublic works. 701 $aSnell$b Bertrand Hollis$f1870-1958$pRepublican (NY)$01388514 801 0$bWYU 801 1$bWYU 801 2$bOCLCO 801 2$bOCLCQ 906 $aBOOK 912 $a9910716455003321 996 $aConstruction of certain public works by the Secretary of the Navy. February 23, 1927. -- Referred to the House Calendar and ordered to be printed$93484124 997 $aUNINA LEADER 01729nam 2200469 450 001 9910810298203321 005 20231110233447.0 010 $a1-80382-542-1 035 $a(MiAaPQ)EBC6960994 035 $a(Au-PeEL)EBL6960994 035 $a(CKB)21605869500041 035 $a(EXLCZ)9921605869500041 100 $a20221125d2022 uy 0 101 0 $aeng 135 $aurcnu|||||||| 181 $ctxt$2rdacontent 182 $cc$2rdamedia 183 $acr$2rdacarrier 200 10$aIntelligent computing and communication technologies for autonomous unmanned platforms [AUP] /$fJoy Iong-zong Chen, John Page, and V. Bindhu V 210 1$aBradford :$cEmerald Publishing Limited,$d[2022] 210 4$d©2022 215 $a1 online resource (254 pages) 225 1 $aInternational Journal of Intelligent Unmanned Systems ;$vv.1 311 08$aPrint version: Chen, Joy Iong-zong Intelligent Computing and Communication Technologies for Autonomous Unmanned Platforms [AUP] Bradford, West Yorkshire : Emerald Publishing Limited,c2022 410 0$aInternational Journal of Intelligent Unmanned Systems 606 $aArtificial intelligence 606 $aComputational intelligence 606 $aElectrical engineering 615 0$aArtificial intelligence. 615 0$aComputational intelligence. 615 0$aElectrical engineering. 676 $a006.3 700 $aChen$b Joy Iong-zong$01362048 702 $aPage$b John 702 $aV$b V. Bindhu 801 0$bMiAaPQ 801 1$bMiAaPQ 801 2$bMiAaPQ 906 $aBOOK 912 $a9910810298203321 996 $aIntelligent computing and communication technologies for autonomous unmanned platforms$94017529 997 $aUNINA